I read about God's love: (Record no. 6368)

MARC details
000 -LEADER
fixed length control field 00569nam a22001937a 4500
003 - CONTROL NUMBER IDENTIFIER
control field GBCCL
005 - DATE AND TIME OF LATEST TRANSACTION
control field 20241126110601.0
008 - FIXED-LENGTH DATA ELEMENTS--GENERAL INFORMATION
fixed length control field 180511b ||||| |||| 00| 0 eng d
040 ## - CATALOGING SOURCE
Transcribing agency gbc
082 ## - DEWEY DECIMAL CLASSIFICATION NUMBER
Classification number 220.9505
Item number FER
100 ## - MAIN ENTRY--PERSONAL NAME
Personal name Ferntheil, Carol
9 (RLIN) 11403
245 ## - TITLE STATEMENT
Title I read about God's love:
Statement of responsibility, etc. Carol Ferntheil
260 ## - PUBLICATION, DISTRIBUTION, ETC.
Name of publisher, distributor, etc. Standard Publishing,
Place of publication, distribution, etc. Cincinnati:
Date of publication, distribution, etc. 1962
300 ## - PHYSICAL DESCRIPTION
Extent 128 p.;
Other physical details ill., col.,
Dimensions 23 cm.
440 ## - SERIES STATEMENT/ADDED ENTRY--TITLE
Title Basic Bible Reader
Volume/sequential designation Grade one
9 (RLIN) 11404
650 ## - SUBJECT ADDED ENTRY--TOPICAL TERM
Topical term or geographic name entry element Juvenile literature
9 (RLIN) 10336
650 ## - SUBJECT ADDED ENTRY--TOPICAL TERM
Topical term or geographic name entry element Bible stories
General subdivision Children
9 (RLIN) 11405
942 ## - ADDED ENTRY ELEMENTS (KOHA)
Source of classification or shelving scheme Dewey Decimal Classification
Koha item type Books
Holdings
Withdrawn status Lost status Source of classification or shelving scheme Damaged status Not for loan Home library Current Library Shelving location Date acquired Total checkouts Full call number Barcode Date last seen Copy number Price effective from Koha item type
    Dewey Decimal Classification     GRACE BIBLE COLLEGE GRACE BIBLE COLLEGE Biblical Studies 2018-05-11   220.9505 FER 009723 2025-05-01 c.1 2018-05-11 Books
© Grace Bible College Library 2025